| 000 | 00532nam a2200181Ia 4500 | ||
|---|---|---|---|
| 005 | 20250609114048.0 | ||
| 008 | 008 250516s9999 xx 000 0 eng d | ||
| 020 | _a9780198097297 | ||
| 040 |
_beng _cSDCL |
||
| 041 |
_aeng _2eng |
||
| 084 | _aV:(G:55) Q4 | ||
| 100 | _aSharan, Awadhendra | ||
| 245 | 0 |
_aIn the city, out of place : _bNuisance, pollution, and dwelling in Delhi, c. 1850-2000 |
|
| 260 |
_aNew Delhi : _bOxford University Press, _c2014. |
||
| 300 | _axvii, 269p. | ||
| 650 | _aReference | ||
| 942 |
_cTEXL _2CC |
||
| 999 |
_c1430240 _d1430240 |
||